| 000 | 01027cab a22002175a 4500 | ||
|---|---|---|---|
| 001 | L141961 | ||
| 008 | 080116e20080112xxk f a 000 0 eng d | ||
| 035 | _a(Sirsi) u141961 | ||
| 041 | 0 | _aeng | |
| 100 | 1 | _aWoodhead, Simon | |
| 245 | 0 | 0 | _aContingency plans |
| 260 | _c2008 | ||
| 490 |
_aEstates Gazette _v(0801) 12 January 2008, 128-129(2) |
||
| 520 | _aReports on contingent liability in commercial property leases. Considers the difficulties which can arise from giving a group company guarantee. A guarantor company can find itself liable to pay the rent on a premises for many years. Even if it obtains a court order vesting that lease, this may take many months especially if the tenant is in administration. Suggests measures which can be taken to reduce the risks and limit the financial loss. | ||
| 590 | _aKA | ||
| 650 | 2 | 4 | _aLANDLORD AND TENANT (COVENANTS) BILL |
| 651 | 4 |
_aUnited Kingdom _y |
|
| 690 | _aPROPERTY-COMMERCIAL PROPERTY-COMMERCIAL LANDLORD AND TENANT | ||
| 700 | 1 | _aCooke, Howard | |
| 942 | _n0 | ||
| 999 |
_c79673 _d79673 |
||